Countries Surrounding Capitals that Begin with C - Statistics

General Stats
  • This quiz has been taken 98 times
    85 since last reset
  • The average score is 242 of 340
Answer Stats
Capital Country Degree angle % Correct
Cairo Akrotiri and Dhekelia(United Kingdom) 15°-18°
100%
Cairo Akrotiri and Dhekelia(United Kingdom) 22°-24°
100%
Cairo Cyprus 10°-15°
100%
Cairo Cyprus 18°-22°
100%
Cairo Cyprus 24°-26°
100%
Cairo Eritrea 145°-147°
100%
Cairo Israel 46°-99°
100%
Cairo Jordan 99°-101°
100%
Cairo Lebanon 40°-46°
100%
Cairo Libya 216°-293°
100%
Cairo Malta 297°
100%
Cairo Saudi Arabia 101°-140°
100%
Cairo Somalia 145°
100%
Cairo Sudan 147°-216°
100%
Cairo Syria 32°-40°
100%
Cairo Tunisia 293°-297°
100%
Cairo Turkey 0°-10°
100%
Cairo Turkey 26°-32°
100%
Cairo Yemen 140°-141°
100%
Cape Town Argentina 222°-224°
95%
Cape Town Argentina 225°-226°
95%
Cape Town Argentina 227°-246°
95%
Cape Town Australia 111°-145°
95%
Cape Town Botswana 15°-42°
95%
Cape Town Brazil 249°-254°
95%
Cape Town Brazil 254°-288°
95%
Cape Town Canada 310°-313°
95%
Canberra Chile 147°-159°
95%
Cape Town Chile 220°-222°
95%
Cape Town Chile 224°
95%
Cape Town Christmas Island(Australia) 97°
95%
Cape Town Cocos Islands(Australia) 93°
95%
Canberra Cook Islands & Niue(New Zealand) 76°-88°(scattered)
95%
Cairo Djibouti 145°
95%
Canberra East Timor 314°-318°
95%
Cape Town Eswatini 57°-60°
95%
Cape Town Falkland Islands(United Kingdom) 226°-227°
95%
Canberra French Polynesia(France) 88°-94°(scattered)
95%
Cairo Greece 310°-339°
95%
Cairo Greece 348°
95%
Canberra India 288°
95%
Canberra India 291°-294°
95%
Canberra Indonesia 294°-314°
95%
Canberra Indonesia 318°-343°
95%
Cape Town Indonesia 78°-93°
95%
Cape Town Indonesia 93°-97°
95%
Cape Town Indonesia 97°-107°
95%
Cairo Italy 298°
95%
Cairo Italy 300°-310°
95%
Canberra Kenya 255°-258°
95%
Cape Town Lesotho 60°-71°
95%
Canberra Madagascar 241°-251°
95%
Canberra Madagascar 251°-252°
95%
Canberra Madagascar 252°-255°
95%
Cape Town Madagascar 71°-77°
95%
Canberra Maldives 278°-284°(scattered)
95%
Canberra Mauritius 252°
95%
Cape Town Mauritius 78°
95%
Canberra Mozambique 234°-241°
95%
Cape Town Mozambique 48°-57°
95%
Cape Town Namibia 0°-15°
95%
Canberra New Caledonia(France) 43°-56°(scattered)
95%
Canberra Oman 284°-288°
95%
Canberra Papua New Guinea 0°-13°(scattered)
95%
Canberra Papua New Guinea 343°-360°
95%
Caracas Puerto Rico(United States) 0°-12°
95%
Canberra Reunion(France) 251°
95%
Cape Town Reunion(France) 77°-78°
95%
Cairo Saudi Arabia 141°-142°
95%
Canberra Seychelles 265°
95%
Canberra Solomon Islands 13°-39°(scattered)
95%
Canberra Somalia 258°-265°
95%
Canberra Somalia 265°-275°
95%
Canberra South Africa 219°-234°
95%
Cairo Spain 299°-300°
95%
Canberra Sri Lanka 288°-291°
95%
Cape Town Tristan da Cunha(United Kingdom) 246°
95%
Cape Town Tristan da Cunha(United Kingdom) 254°
95%
Cairo Tunisia 297°-298°
95%
Cairo Tunisia 298°-299°
95%
Cairo Turkey 339°-348°
95%
Cairo Turkey 348°-360°
95%
Cape Town Uruguay 246°-249°
95%
Canberra Vanuatu 39°-43°(scattered)
95%
Cairo Yemen 142°-145°
95%
Canberra Yemen 275°-278°
95%
Cape Town Zimbabwe 42°-48°
95%
Cape Town Anguilla(United Kingdom) 290°
90%
Cape Town Antigua and Barbuda 290°
90%
Cape Town Benin 336°-337°
90%
Cape Town Bermuda(United Kingdom) 301°
90%
Cape Town Canada 316°-317°
90%
Caracas Canada 12°-13°
90%
Cape Town Dominica 289°
90%
Cape Town East Timor 107°-108°
90%
Canberra Fiji 61°-72°(scattered)
90%
Cape Town Ghana 329°-335°
90%
Cape Town Guadeloupe(France) 289°
90%
Cape Town Guinea-Bissau 318°-319°
90%
Cape Town Indonesia 108°-111°
90%
Cape Town Ivory Coast 323°-329°
90%
Canberra Kiribati 56°-61°(scattered)
90%
Cape Town Liberia 320°-323°
90%
Cape Town Martinique(France) 288°
90%
Cape Town Namibia 338°-360°
90%
Canberra New Zealand 94°-147°(scattered)
90%
Cape Town Nigeria 337°
90%
Cape Town Puerto Rico(United States) 288°
90%
Cape Town Puerto Rico(United States) 289°
90%
Cape Town Puerto Rico(United States) 289°
90%
Cape Town Saint Helena &Ascension Island (United Kingdom) 303°
90%
Cape Town Sierra Leone 319°-320°
90%
Cape Town Togo 335°-336°
90%
Canberra Tonga 72°-76°(scattered)
90%
Caracas US Virgin Islands(United States) 13°-17°(scattered)
90%
Cape Town Antigua and Barbuda 290°
85%
Cape Town Barbados 288°
85%
Cape Town Canada 317°-318°
85%
Cape Town Cape Verde 313°-316° (scattered)
85%
Cape Town Equatorial Guinea 337°
85%
Cape Town Nigeria 337°-338°
85%
Cape Town Saint Lucia 288°
85%
Cape Town Saint Pierre andMiquelon (France) 317°
85%
Chișinău Romania 196°-313°
80%
Chișinău Ukraine 0°-196°
80%
Chișinău Ukraine 313°-360°
80%
Castries Martinique(France) 0°-21°
75%
Caracas Angola 98°
70%
Caracas Angola 98°-106°
70%
Caracas Anguilla(United Kingdom) 24°-26°(scattered)
70%
Caracas Aruba(Netherlands) 304°-305°
70%
Caracas Brazil 130°-180°
70%
Copenhagen Canada 301°-306°
70%
Caracas Colombia 180°-294°
70%
Caracas D. R. Congo 98°
70%
Caracas Equatorial Guinea 95°
70%
Caracas Gabon 95°-97°
70%
Copenhagen Germany 151°-256°
70%
Caracas Guyana 106°-130°
70%
Conakry Mali 36°-76°
70%
Caracas Martinique(France) 51°-56°
70%
Caracas Mexico 294°-302°
70%
Caracas Montserrat(United Kingdom) 35°-36°
70%
Copenhagen Norway 309°-346°
70%
Caracas Republic of the Congo 97°-98°
70%
Caracas Saba(Netherlands) 26°
70%
Caracas Saint Barthélemy(France) 27°-28°(scattered)
70%
Conakry Senegal 0°-36°
70%
Caracas Sint Eustatius(Netherlands) 28°
70%
Copenhagen Sweden 0°-151°
70%
Copenhagen Sweden 346°-360°
70%
Caracas Trinidad and Tobago 81°-83°
70%
Caracas Trinidad and Tobago 86°-95°
70%
Copenhagen United Kingdom 256°-301°
70%
Copenhagen United Kingdom 306°-309°
70%
Caracas United States 302°-304°
70%
Caracas United States 305°
70%
Caracas United States(incl. Puerto Rico) 351°-360°
70%
Conakry Argentina 209°-211°
65%
Conakry Ascension Island(United Kingdom) 182°
65%
Caracas Bonaire(Netherlands) 320°-325°
65%
Conakry Brazil 219°-265°
65%
Caracas Cuba 305°-306°
65%
Caracas Cuba 312°-318°
65%
Caracas Curaçao (Netherlands) 310°-312°
65%
Caracas Dominica 45°-49°
65%
Caracas Dominican Republic 328°-351°
65%
Conakry Falkland Islands(United Kingdom) 207°-209°(scattered)
65%
Castries Faroe Islands(Denmark) 26°-27°(scattered)
65%
Caracas France(incl. Guadeloupe) 39°-45°
65%
Caracas Gabon 95°
65%
Caracas Grenada 69°-73°(scattered)
65%
Caracas Guinea 84°-86°
65%
Caracas Guinea-Bissau 83°-84°
65%
Caracas Haiti 318°-320°
65%
Caracas Haiti 325°-328°
65%
Caracas Iceland 18°-22°
65%
Caracas Jamaica 306°-310°
65%
Caracas Madeira(Portugal) 56°
65%
Caracas Portugal 49°-51°
65%
Caracas Saint Kitts and Nevis 29°-32°(scattered)
65%
Conakry Sierra Leone 76°-164°
65%
Caracas Antigua and Barbuda 34°-35°
60%
Conakry Argentina 211°-219°
60%
Conakry Barbados 280°
60%
Conakry Bonaire(Netherlands) 279°
60%
Caracas Cape Verde 76°-79°(scattered)
60%
Conakry Chile 211°
60%
Conakry Colombia 281°
60%
Caracas Faroe Islands(Denmark) 26°-27° (scattered)
60%
Castries France 39°-40°
60%
Conakry French Guiana(France) 265°-267°
60%
Caracas Gambia 81°
60%
Conakry Grenada 278°-279°(scattered)
60%
Conakry Guyana 268°-273°
60%
Castries Iceland 21°-22°
60%
Castries Ireland 33°-36°
60%
Caracas Jan Mayen(Norway) 17°
60%
Caracas Mauritania 73°-76°
60%
Caracas Morocco 56°-57°
60%
Caracas Morocco 60°
60%
Conakry Nicaragua 281°
60%
Conakry Nicaragua 282°
60%
Caracas Norway 22°-24°
60%
Caracas Norway 27°
60%
Castries Norway 22°-26°
60%
Castries Norway 27°-28°
60%
Castries Norway 29°
60%
Castries Portugal(incl. Azores) 40°-54°(scattered)
60%
Caracas Russia 17°
60%
Caracas Russia 17°-18°
60%
Caracas Saint Vincent and theGrenadines 62°-69°(scattered)
60%
Conakry Saint Vincent and theGrenadines 279°-280°(scattered)
60%
Conakry Saint Vincent and theGrenadines 280°
60%
Caracas Senegal 79°-81°
60%
Caracas Spain 60°-62°
60%
Castries Spain 54°-56°
60%
Conakry Suriname 267°-268°
60%
Conakry Trinidad and Tobago 275°-276°(scattered)
60%
Caracas United Kingdom 28°-29°
60%
Caracas United Kingdom 32°-33°
60%
Caracas United Kingdom 37°-39°
60%
Castries United Kingdom 28°-29°
60%
Castries United Kingdom 29°-33°
60%
Castries United Kingdom 36°-39°
60%
Conakry Uruguay 219°
60%
Conakry Venezuela 273°-275°
60%
Conakry Venezuela 276°-278°
60%
Castries Angola 100°
55%
Castries Angola 100°-111°
55%
Caracas Antigua and Barbuda 36°-37°
55%
Castries Aruba(Netherlands) 261°-262°
55%
Castries Ascension Island(United Kingdom) 113°
55%
Castries Barbados 117°-125°
55%
Castries Bonaire & Curaçao(Netherlands) 255°-259°
55%
Castries Brazil 126°-135°
55%
Castries Cape Verde 80°-84°(scattered)
55%
Conakry Cape Verde 298°-299°(scattered)
55%
Castries Colombia 259°-261°
55%
Castries Colombia 262°-263°
55%
Conakry Colombia 283°
55%
Conakry Dominica 285°
55%
Castries D. R. Congo 100°
55%
Castries Equatorial Guinea 98°
55%
Castries French Guiana(France) 135°-139°
55%
Castries Gabon 95°-96°
55%
Castries Gabon 96°-98°
55%
Castries Gabon 98°-99°
55%
Castries Gambia 85°-86°
55%
Castries Grenada 200°-202°
55%
Conakry Guadeloupe(France) 286°
55%
Castries Guinea 89°-91°
55%
Castries Guinea-Bissau 87°-89°
55%
Conakry Guinea-Bissau 299°-358°
55%
Castries Guyana 154°-170°
55%
Castries Honduras 275°-278°
55%
Castries Honduras 278°-279°
55%
Conakry Honduras 286°
55%
Conakry Honduras 287°
55%
Caracas Ireland 33°-34°
55%
Caracas Ireland 35°
55%
Castries Liberia 93°-95°
55%
Castries Madeira(Portugal) 57°
55%
Conakry Martinique(France) 284°
55%
Castries Mauritania 75°-80°
55%
Castries Morocco 56°-57°
55%
Castries Morocco 57°-62°
55%
Castries Morocco 65°-75°
55%
Castries Namibia 111°-113°
55%
Castries Namibia 113°-117°
55%
Castries Nicaragua 264°-268°
55%
Conakry Nicaragua 283°
55%
Conakry Nicaragua 284°
55%
Castries Republic of the Congo 99°-100°
55%
Caracas Saint Lucia 57°-60°
55%
Conakry Saint Lucia 282°
55%
Castries Saint Vincent and theGrenadines 187°-200°(scattered)
55%
Castries São Tomé and Príncipe 96°
55%
Castries Senegal 84°-85°
55%
Castries Senegal 86°-87°
55%
Conakry Senegal 358°-360°
55%
Castries Sierra Leone 91°-93°
55%
Castries South Africa 125°-126°
55%
Castries Spain 62°-65°
55%
Castries Suriname 139°-154°
55%
Castries Trinidad and Tobago 170°-177°
55%
Castries Trinidad and Tobago 178°-187°
55%
Castries Venezuela 177°-178°
55%
Castries Venezuela 202°-255°
55%
Castries Algeria 56°
50%
Conakry Anguilla &British Virgin Islands
(United Kingdom)
292°-293°(scattered)
50%
Castries Anguilla & Montserrat(United Kingdom) 335°-338°
50%
Conakry Antigua and Barbuda 289°
50%
Conakry Antigua and Barbuda 292°
50%
Conakry Bahamas 295°-297°(scattered)
50%
Castries Belize 278°
50%
Castries Belize 279°-283°
50%
Conakry Belize 288°
50%
Conakry Belize 290°
50%
Castries British Virgin Islands(United Kingdom) 321°-327°(scattered)
50%
Castries Cayman Islands(United Kingdom) 288°
50%
Castries Colombia 268°
50%
Castries Colombia 270°
50%
Castries Costa Rica 263°-264°
50%
Conakry Cuba 294°
50%
Conakry Cuba 295°
50%
Castries Dominican Republic 291°-302°
50%
Castries Dominican Republic 302°-304°
50%
Conakry Dominican Republic 293°-294°
50%
Castries Guadeloupe(France) 340°-343°
50%
Castries Haiti 290°-291°
50%
Conakry Haiti 294°
50%
Conakry Honduras 288°
50%
Castries Jamaica 285°-288°
50%
Castries Mexico 283°-285°
50%
Castries Mexico 288°-290°
50%
Conakry Montserrat(United Kingdom) 287°
50%
Castries Nicaragua 268°-270°
50%
Castries Nicaragua 270°-275°
50%
Conakry Nicaragua 285°
50%
Castries Puerto Rico(United States) 302°
50%
Conakry Puerto Rico(United States) 292°
50%
Castries Puerto Rico &US Virgin Islands (United States) 304°-321°(scattered)
50%
Castries Saba(Netherlands) 330°
50%
Conakry Saba(Netherlands) 291°
50%
Castries Saint Kitts and Nevis 332°-335°
50%
Conakry Saint Kitts and Nevis 289°
50%
Castries Sint Eustatius(Netherlands) 331°-332°
50%
Conakry Sint Eustatius(Netherlands) 290°
50%
Conakry Turks and Caicos(United Kingdom) 295°
50%
Castries United States 327°-330°
50%
Castries United States 330°-331°
50%
Castries United States 332°
50%
Castries United States 338°-340°
50%
Conakry United States 297°-298°
50%
Conakry Bahamas 295°
45%
Conakry Belize 291°
45%
Conakry Guatemala 287°
45%
Castries Martinique(France) 344°-360°
45%
Castries Dominica 343°-344°
40%
No matching quizzes found
Score Distribution
Percent of People with Each Score
Percentile by Number Answered
Your Score History
You have not taken this quiz since the last reset